| 000 | 01076 a2200265 4500 | ||
|---|---|---|---|
| 999 |
_c3141 _d3141 |
||
| 020 | _a9781412944977 (hb) | ||
| 020 | _a141294497X (hb) | ||
| 020 | _a9781412944984 (pb) | ||
| 020 | _a1412944988 (pb) | ||
| 050 | 0 | 0 | _aLB1139.23 |
| 100 | 1 |
_aNutbrown, Cathy _eauthor |
|
| 245 | 1 | 0 |
_aEarly childhood education : _bhistory, philosophy, experience / _cCathy Nutbrown, Peter Clough, and Philip Selbie. |
| 264 |
_aNew Delhi: _bThousand Oaks, _c2008 |
||
| 300 | _aviii, 203 p. : | ||
| 500 | _aIncludes bibliographical references (p. [183]-197) and indexes. | ||
| 504 | _aIncludes bibliographical references (p. [183]-197) and indexes. | ||
| 650 | 0 | _aEarly childhood education. | |
| 650 | 0 | _aEducators | |
| 700 | 1 |
_aClough, Peter, _d1949- |
|
| 700 | 1 | _aSelbie, Philip. | |
| 856 | 4 | 2 |
_3Publisher description _uhttp://www.loc.gov/catdir/enhancements/fy0804/2007940394-d.html |
| 856 | 4 | 1 |
_3Table of contents only _uhttp://www.loc.gov/catdir/enhancements/fy0806/2007940394-t.html |
| 942 |
_2lcc _cBK _h1139 _iNUT _k2012 |
||